| 000 | 02275cam a2200289 i 4500 | ||
|---|---|---|---|
| 003 | SA-RiAUC | ||
| 005 | 20240924082209.0 | ||
| 008 | 240922q19801989ua g 00010 ara c | ||
| 040 |
_aSA-AhKFU _bara _cSA-RiAUC _erda |
||
| 050 | 4 | _b.J36 1980z | |
| 082 | 0 | 4 | _a231 |
| 090 |
_a231 _bج م ا |
||
| 100 | 1 |
_aجمال الدين القاسمي، جمال الدين بن محمد سعيد بن قاسم، _d1283-1332 هجري _eمؤلف. |
|
| 245 | 1 | 0 |
_aقواعد التحديث من فنون مصطلح الحديث / _cمحمد جمال الدين القاسمي ؛ تحقيق وتعليق محمد بهجة البيطار. |
| 264 | 1 |
_aالقاهرة : _bدار إحياء الكتب العربية، _c[بين 1980 و1989] |
|
| 300 |
_a415 صفحة ؛ _c24 سم |
||
| 336 |
_aنص _btxt _2rdacontent _3كتاب |
||
| 337 |
_aبدون وسيط _bn _2rdamedia |
||
| 338 |
_aمجلد _bnc _2rdacarrier |
||
| 650 | 7 |
_aالحديث _xمصطلح _2aucsh |
|
| 650 | 7 |
_aعلم الحديث _2aucsh |
|
| 700 | 1 |
_aالبيطار، محمد بهجت، _d1894-1976 _eمحقق. |
|
| 856 |
_uhttp://saaid.net/book/10/3565.zip _yDigital Copy _2 نرجو الانتباه لإمكانية وجود اختلاف في الطبعة أو الناشر بين البيانات على البوابة وما ستجده على الكتاب نظرا لمحدودية المعلومات المتاحة على الموقع الناشر للمادة. _3Please note that there may be a difference in the edition or publisher between the data on the portal and the book due to the limited information available on the publisher website for the material. |
||
| 856 |
_uhttp://saaid.net/book/open.php?cat=91&book=4882 _yExternal Link _2 نرجو الانتباه لإمكانية وجود اختلاف في الطبعة أو الناشر بين البيانات على البوابة وما ستجده على الكتاب نظرا لمحدودية المعلومات المتاحة على الموقع الناشر للمادة. _3Please note that there may be a difference in the edition or publisher between the data on the portal and the book due to the limited information available on the publisher website for the material. |
||
| 942 |
_2ddc _cBOOK _n0 |
||
| 949 |
_aSA-JeALM _d240922 _umohamedma123 _n1 |
||
| 999 |
_c512 _d512 |
||